书目信息 |
| 题名: |
工厂供电技术
|
|
| 作者: | 付艮秀 , 王邦林 主编 | |
| 分册: | ||
| 出版信息: | 北京 北京师范大学出版社 2006.09 |
|
| 页数: | 288页 | |
| 开本: | 26cm | |
| 丛书名: | 21世纪高职高专系列规划教材 | |
| 单 册: | ||
| 中图分类: | TM727.3 | |
| 科图分类: | ||
| 主题词: | 工厂--gong chang--供电--高等学校--技术学校--教材 | |
| 电子资源: | ||
| ISBN: | 7-303-08238-7 | |
| 000 | 01044nam 2200277 450 | |
| 001 | 012006196563 | |
| 005 | 20070521152546.10 | |
| 010 | @a7-303-08238-7@dCNY28.50 | |
| 100 | @a20061128d2006 km y0chiy0120 ea | |
| 101 | 0 | @achi |
| 102 | @aCN@b110000 | |
| 105 | @aa a 000yy | |
| 200 | 1 | @a工厂供电技术@Agong chang gong dian ji shu@f付艮秀, 王邦林主编@Ffu gen xiu,wang bang lin zhu bian |
| 210 | @a北京@c北京师范大学出版社@d2006.09 | |
| 215 | @a288页@c图@d26cm | |
| 225 | 2 | @a21世纪高职高专系列规划教材@A21 shi ji gao zhi gao zhuan xi lie gui hua jiao cai |
| 300 | @a教育部推荐教材 | |
| 320 | @a有书目 (第288页)。 | |
| 330 | @a本书内容包括: 工厂供电的基本知识、工厂供电系统电力负荷的计算、工厂功率因数的确定及提高、工厂供电一次系统、短路电流及其计算等。 | |
| 410 | 0 | @12001 @a21世纪高职高专系列规划教材 |
| 606 | 0 | @a工厂@Agong chang@x供电@x高等学校@x技术学校@j教材 |
| 690 | @aTM727.3@v4 | |
| 701 | 0 | @a付艮秀@Afu gen xiu@4主编 |
| 701 | 0 | @a王邦林@Awang bang lin@4主编 |
| 801 | 0 | @aCN@c20070521 |
| 905 | @a10447@dTM727.3@eF830 | |
| 工厂供电技术/付艮秀, 王邦林主编.-北京:北京师范大学出版社,2006.09 |
| 288页:图;26cm.-(21世纪高职高专系列规划教材) |
| 教育部推荐教材 |
| ISBN 7-303-08238-7:CNY28.50 |
| 本书内容包括: 工厂供电的基本知识、工厂供电系统电力负荷的计算、工厂功率因数的确定及提高、工厂供电一次系统、短路电流及其计算等。 |
| ● |
| 相关链接 |
|
|
|
正题名:工厂供电技术
索取号:TM727.3/F830
 
预约/预借
| 序号 | 登录号 | 条形码 | 馆藏地/架位号 | 状态 | 备注 |
| 1 | 237204 | 202372048 | 自科库301/301自科库 18排3列3层/ [索取号:TM727.3/F830] | 在馆 | |
| 2 | 237205 | 202372057 | 自科库301/301自科库 18排3列3层/ [索取号:TM727.3/F830] | 在馆 | |
| 3 | 237206 | 202372066 | 自科库301/ [索取号:TM727.3/F830] | 在馆 |